| 000 | 00379nam a22001337a 4500 | ||
|---|---|---|---|
| 020 | _a1555420249 | ||
| 040 | _cNust | ||
| 082 |
_a658.3124 _bLEI |
||
| 100 |
_aZandy B. Leibowitz _9127436 |
||
| 245 | _aDesigning career development system | ||
| 260 |
_aSan Francisco: _bJossey- Bass Publishers, _c1986. |
||
| 650 |
_aDesigning career development system _9127437 |
||
| 942 |
_2ddc _cBK |
||
| 999 |
_c612564 _d612564 |
||